LEADER 01549nam a2200313 a 4500 001 000000003418 003 CaOOAMICUS 005 20140716115821.0 008 940921s1930 it u000 u ita r 035 $a10089169 040 $aPUL(R)$bita 041 0 $aita$ager 100 1 $aGiannini, Amedeo,$d1886-1960.$0(OLS)http://pul/name/3607 245 13$aLe convenzioni internazionali di diritto marittimo /$cAmedeo Giannini. 260 $aMilano :$bSocietà editrice "Vita pensiero",$c1930. 300 $axi, 473 p. ;$c26 cm 490 1 $aPubblicazioni della Università cattolica del Sacro Cuore.$aSerie 2, Scienze giuridiche ;$v27 504 $aBibliografia in nota. 650 4$aDiritto marittimo.$0(OLS)http://pul/subject/2922 830 0$aPubblicazioni della Università cattolica del Sacro Cuore.$nSerie 2,$pScienze giuridiche ;$v27.$0(OLS)http://pul/title/3 850 $aPUL 852 $aPUL$W1$xDP2 Diritto Canonico 1$y64$m167 D 1.27$j4529$nBK-PRI$qStampati$B4529$CPULBib$Z2$F4529 $H6573 $82 852 $aPUL$W1$xDP1 Fondo Ciprotti$y59$m1541 D 2$j4530$nBK-PRI$b $qFondi$B4530$CPULBib$Z2$F4530 $H $81 941 1 $a8 941 1 $a1 961 $aINV: 6573.Precedente collocazione: Bibliotheca Pontificium Institutum Utriusque Iuris 22 D 81. 961 $aINV: F.Ciprotti 996 $6245$aLe convenzioni internazionali di diritto marittimo$9(OLS)http://pul/title/5004 996 $6260$aMilano :$bSocietà editrice "Vita pensiero"$9(OLS)http://pul/publisher/49883 LEADER 01337nam a2200289 u 4500 001 000000005848 003 CaOOAMICUS 005 20070226104817.0 008 940514s1937 it u000 u ita u 035 $a10148449 040 $aPUL(R)$bita 100 1 $aMonticelli, Giuseppe,$d1886-$0(OLS)http://pul/name/5997 245 10$aChiesa e Italia durante il pontificato avignonese (1305-1378) /$cGiuseppe Monticelli. 260 $aMilano :$bF.lli Bocca,$c1937. 300 $a347 p. ;$c21 cm 490 1 $aPiccola biblioteca di scienze moderne ;$v419 504 $aBibliographical footnotes. 650 0$aChurch and state in Italy.$2//eng$0(OLS)http://pul/subject/4712 650 0$aCatholic Church in Italy.$2//eng$0(OLS)http://pul/subject/4713 651 4$aItalia$xStoria$ySec. XIV.$0(OLS)http://pul/subject/5361 651 0$aItaly$xChurch history.$2//eng$0(OLS)http://pul/subject/5362 830 0$aPiccola biblioteca di scienze moderne ;$v419.$0(OLS)http://pul/title/4217 850 $aPUL 852 $aPUL$W1$xDP1 Fondo Cecchetti$y53$m272 A 20$j8318$nBK-PRI$b $qFondi$B8318$CPULBib$Z2$F8318 $HPUL6456 $81 941 1 $a1 996 $6245$aChiesa e Italia durante il pontificato avignonese (1305-1378)$9(OLS)http://pul/title/8563 996 $6260$aMilano :$bF.lli Bocca$9(OLS)http://pul/publisher/49896 LEADER 01182nam a2200301 u 4500 001 000000082166 003 CaOOAMICUS 005 20070226123832.0 008 050407s1996 it u000 u ita u 020 $a8878026883 035 $a11038234 040 $aPUL$bita 041 1 $aita$hfre 100 1 $aHenry, Michel,$d1922-2002.$0(OLS)http://pul/name/39200 240 10$aVoir l'invisible.$lItaliano.$0(OLS)http://pul/title/107414 245 10$aVedere l'invisibile :$bsaggio su Kandinskij /$cMichel Henry. 260 $aMilano :$bGuerini,$c1996. 300 $a190 p. ;$c23 cm 490 1 $aSaggi ;$v38 504 $aBibliografia in nota. 650 4$aPittura.$0(OLS)http://pul/subject/15768 830 0$aSaggi (Guerini) ;$v38.$0(OLS)http://pul/title/19925 850 $aPUL 852 $aPUL$W1$xDP2 Cons. Gen., Altre Classi 3$y97$m759. 7 MICHE 1$j104739$nBK-PRI$qDDC 21$B104739$CPULBib$Z2$F104739 $H97730 $81 941 1 $a9 996 $6020$a8878026883$9(OLS)http://pul/number/108868 996 $6245$aVedere l'invisibile :$bsaggio su Kandinskij$9(OLS)http://pul/title/107415 996 $6260$aMilano :$bGuerini$9(OLS)http://pul/publisher/52467